The pastor's prayerbook, (Record no. 5467)

MARC details
000 -LEADER
fixed length control field 00723cam a22002531 4500
001 - CONTROL NUMBER
control field 9362661
003 - CONTROL NUMBER IDENTIFIER
control field GBCCL
005 - DATE AND TIME OF LATEST TRANSACTION
control field 20241126110542.0
008 - FIXED-LENGTH DATA ELEMENTS--GENERAL INFORMATION
fixed length control field 750703s1960 xx 000 0 eng
010 ## -
-- 60013210
015 ## -
-- GB60-18382
035 ## - SYSTEM CONTROL NUMBER
System control number (OCoLC)1428444
040 ## - CATALOGING SOURCE
Original cataloging agency DLC
Transcribing agency FO
Modifying agency Uk
-- DLC
042 ## -
-- premarc
050 00 -
-- BV250
-- .R6
082 ## - DEWEY DECIMAL CLASSIFICATION NUMBER
Classification number 264.13
Item number ROD
100 1# - MAIN ENTRY--PERSONAL NAME
Personal name Rodenmayer, Robert N.,
Relator term ed.
9 (RLIN) 9838
245 14 - TITLE STATEMENT
Title The pastor's prayerbook,
Remainder of title selected and arranged for various occasions.
260 ## - PUBLICATION, DISTRIBUTION, ETC.
Place of publication, distribution, etc. New York,
Name of publisher, distributor, etc. Oxford University Press,
Date of publication, distribution, etc. 1960.
300 ## - PHYSICAL DESCRIPTION
Extent 319 p.
Dimensions 18 cm.
650 #0 - SUBJECT ADDED ENTRY--TOPICAL TERM
Topical term or geographic name entry element Pastoral prayers.
9 (RLIN) 9839
906 ## - LOCAL DATA ELEMENT F, LDF (RLIN)
a 7
b cbc
c oclcrpl
d u
e ncip
f 19
g y-gencatlg
942 ## - ADDED ENTRY ELEMENTS (KOHA)
Source of classification or shelving scheme Dewey Decimal Classification
Koha item type Books
Koha issues (borrowed), all copies 1
Holdings
Withdrawn status Lost status Source of classification or shelving scheme Damaged status Not for loan Home library Current Library Shelving location Date acquired Total checkouts Full call number Barcode Date last seen Date last checked out Copy number Price effective from Koha item type
    Dewey Decimal Classification     GRACE BIBLE COLLEGE GRACE BIBLE COLLEGE Ministry & Mission 2018-03-21 1 264.13 ROD 004530 2025-05-01 2019-09-20 c.1 2018-03-21 Books
© Grace Bible College Library 2025